000 00747nam a2200241 a 4500
001 000705479
003 AM-YeHGA
005 20250617142621.0
008 091224s1920 enk r 000 0 eng d
040 _aAM-YeHGA
041 0 _aeng
100 1 _aRivers, William Halse Rivers,
_d1864-1922
245 1 0 _aInstinct and the unconscious :
_bA contribution to a biological theory of the psycho-neuroses /
_cBy W. H. R. Rivers.
260 _aCambridge [Eng.] :
_bUniversity press,
_c1920.
300 _aviii, 252 p. ;
_c23 cm.
440 0 _aThe Cambridge medical series
650 1 4 _aNeuroses
650 1 4 _aPsychoanalysis
650 1 4 _aPsychology, Pathological
650 1 4 _aTherapeutics, Suggestive
650 1 4 _aInstinct
090 _c262344
999 _c260732
_d260732